Представление документа в формате MARC21

Поле Инд. ПП Название Значение
Тип записи a
Библиографический уровень a
001 Контрольный номер RU/IS/BASE/101925715
005 Дата корректировки 20240314093251.9
084 a Индекс другой классификации/Индекс ББК 63.3(2)521; 87.704; 63.1(2)5
090 00 a Полочн. индекс 60.03я73-3
x Авторский знак Ф 561
100 10 a Автор Ключевский В. О.
q Полное имя Ключевский Василий Осипович
245 00 a Заглавие Карамзин
600 14 a Персоналии Карамзин Николай Михайлович
650 04 a Основная рубрика история
653 00 a Ключевые слова XIX век
a Ключевые слова идеология
a Ключевые слова историография
a Ключевые слова историософская мысль
a Ключевые слова исторический процесс
a Ключевые слова история
a Ключевые слова новое время
a Ключевые слова Россия
773 00 d Дата издания источника Москва, 1996
g Прочая информация С. 140-141
t Заглавие источника Философия истории в России
w Контрольный № источника RU/IS/BASE/103034303
901 t Тип документа a